top 10 mexicanos raperos con mas suscriptores en youtube - Estadísticas

Estadísticas generales
  • Esta prueba ha sido intentada 66 veces
  • La puntuación promedio es 5 de 10
Estadísticas de respuestas
# subcriptores Raperos % Correcto
1 11.4M Cartel De Santa
84%
5 6.1M Aleman
72%
7 5.86M Gera MX
72%
2 9.86M Santa Fe Klan
64%
6 5.96M La Santa Grifa
52%
3 7.61M C-Kan
48%
4 6.94M MC DAVO
40%
8 2.66M Dharius
36%
9 2.12M Remik González
20%
10 2.06M Tren Lokote
20%
No se encontraron pruebas coincidentes
Distribución de puntuación
Porcentaje de gente con cada puntuación
Porcentaje por número respondido
Historial de tus puntuaciones
No has intentado esta prueba.